| 000 | 00672cab a2200205 4500 | ||
|---|---|---|---|
| 001 | ABS40151 | ||
| 008 | 090401t1988 xxu||||| |||| 00| 0 eng d | ||
| 035 | _a(Sirsi) u21775 | ||
| 041 | _aeng | ||
| 245 | _aSurveying with a camera: new dimension for design | ||
| 260 | _c1988 | ||
| 350 | _a0 | ||
| 490 |
_aArchitect _v(AJ supplement) (1) December 1988, 8-11(4) |
||
| 520 | _aDescribes the work being done on the use of photogrammetry and stereo cameras for feeding information into a CAD system for surveys by a team at City University . | ||
| 650 | _aCOMPUTERS | ||
| 650 | _aINTERGRAPH | ||
| 690 | _aPRACTICE AND TECHNIQUES | ||
| 942 | _n0 | ||
| 948 | _c04/03/1997 | ||
| 999 |
_c14597 _d14597 |
||